Kus umělce /

Hlavní autor: Zábranský, David, 1977-
Jazyk: Čeština
Vydáno: Praha : Petr Štengl, 2010
Vydání: 1. vyd.
Edice: Pop
Témata:
Externí odkaz: Digitalizovaný dokument
Fyzický popis: 32 s. ; 19 cm
Knihy
Uloženo v:
LEADER 01285cam a2200373 a 4500
001 nkc20112159103
003 CZ PrNK
005 20170705235011.0
007 ta
008 101123s2010 xr e 000 f cze d
015 |a cnb002159103 
020 |a 978-80-904455-3-6  |q (brož.) :  |c Kč 109,00 
035 |a (OCoLC)713794265 
040 |a ULG001  |b cze  |d BOA001 
072 7 |a 821.162.3-3  |x Česká próza  |2 Konspekt  |9 25 
080 |a 821.162.3-32  |2 MRF 
080 |a (0:82-32)  |2 MRF 
100 1 |a Zábranský, David,  |d 1977-  |7 pag2006371412  |4 aut 
245 1 0 |a Kus umělce /  |c David Zábranský 
250 |a 1. vyd. 
260 |a Praha :  |b Petr Štengl,  |c 2010 
300 |a 32 s. ;  |c 19 cm 
490 1 |a Pop ;  |v sv. 5 
500 |a 300 výt. 
655 7 |a české novely  |7 fd133969  |2 czenas 
655 9 |a Czech novellas  |2 eczenas 
830 0 |a Pop  |0 s 
856 4 1 |u http://www.digitalniknihovna.cz/mzk/uuid/uuid:56158260-4c59-11e7-b03f-005056827e52  |y Digitalizovaný dokument  |x NDK 
910 2 |a BOA001  |b 1-1259.074 
990 |a BK 
995 |a 01 
991 |b 201102  |e b 
996 6 |b 2610460557  |c 1-1259.074  |l MZK  |r Sklad / do 1 hodiny  |n 0  |p p.v.  |w 001165226  |u 000010  |a 1  |e BOA001  |j MZK50  |s P 
996 7 |b 2610460558  |c 1-1259.074  |l MZK  |r Sklad / do 1 hodiny  |n 4  |p p.v.  |w 001165226  |u 000020  |a 1  |e BOA001  |j MZK50  |s A